|
|
|
|
| LEADER |
00974nab a2200229 i 4500 |
| 001 |
acta89867 |
| 005 |
20260313090613.0 |
| 008 |
260313s2025 hu o 000 hun d |
| 022 |
|
|
|a 0237-7934
|
| 040 |
|
|
|a SZTE Egyetemi Kiadványok Repozitórium
|b hun
|
| 041 |
|
|
|a hun
|
| 100 |
1 |
|
|a Borsos Mátyás
|
| 245 |
1 |
0 |
|a Egy letűnt balkáni népesség nyomában, avagy török kori rác világ a Dél-Dunántúlon
|h [elektronikus dokumentum] :
|b [könyvismertetés] /
|c Borsos Mátyás
|
| 260 |
|
|
|c 2025
|
| 300 |
|
|
|a 196-199
|
| 490 |
0 |
|
|a Aetas
|v 40 No. 2
|
| 650 |
|
4 |
|a Bölcsészettudományok
|
| 650 |
|
4 |
|a Történettudomány és régészet
|
| 695 |
|
|
|a Régészet - leletek - Dunántúl - könyvismertetés, Török hódoltság - Magyarország - 15-18. sz. - könyvismertetés, Balkáni népek története - könyvismertetés
|
| 700 |
0 |
2 |
|a K. Németh András
|
| 700 |
0 |
2 |
|a Máté Gábor
|
| 856 |
4 |
0 |
|u http://acta.bibl.u-szeged.hu/89867/1/aetas_2025_002_196-199.pdf
|z Dokumentum-elérés
|